000
00242nam a22001217a 4500
020
_a
978-93-50334-45-4
082
_a
342
_b
MAP/I
245
_a
INDIA - GK
260
_a
NOIDA
_b
MAPLE
300
_a
95
650
_a
GK - INDIA
_z
NOIDA
942
_c
BK
999
_c
6134
_d
6134